Quelques Records du Monde d'Athlétisme - Statistiques

Statistiques générales
  • Ce quiz a été pris 945 fois
  • Le résultat moyen est 18 sur 24
Statistiques - réponses
Hint Réponse % Correct
9 s 58 100 m
92%
9 126 points Décathlon
88%
12 s 80 110 m haies
87%
19 s 19 200 m
87%
2,45 mètres Saut en Hauteur
86%
98,48 mètres Lancer du Javelot
83%
8,95 mètres Saut en Longueur
82%
1 h 16 min 36 s 20 km Marche
79%
43 s 03 400 m
79%
6,22 mètres Saut à la Perche
79%
2 h 01 min 09 s Marathon
78%
23,56 mètres Lancer du Poids
76%
18,29 mètres Triple Saut
72%
3 h 32 min 33 s 50 km Marche
71%
3 min 26 s 00 1500 m
70%
7 min 52 s 11 3 000 m steeple
67%
12 min 35 s 36 5000 m
67%
26 min 11 s 00 10000 m
66%
1 min 40 s 91 800 m
66%
45 s 94 400 m haies
65%
36 s 84 Relais 4 x 100 m
62%
74,08 mètres Lancer du Disque
61%
86,74 mètres Lancer du Marteau
55%
2 min 54 s 29 Relais 4 x 400 m
42%
Aucun quiz correspondant
Distribution des résultats
% des personnes avec chaque résultat
Percentile par nombre de réponses
Votre historique - résultats
Vous n’avez pas pris ce quiz